000 00891cam a2200229 4500
001 L130238
008 020917n2005 000 0 eng u
020 _a1860817572
035 _a(Sirsi) u130238
050 _a693.4
_c18
100 _aFerguson, W. A.
245 _aAircrete tongue-and-groove block masonry
_bperformance evaluation and guidance
260 _aWatford
_bBRE
_c2005
300 _a7p.
_c30cm.
490 _aBRE Information Paper
_v7/05
520 _aInformation paper gives an introductory guide to construction best practice using this system and gives the background research on the key aspects of its performance.
590 _aIKA190705
690 _aBUILT ENVIRONMENT-BUILDING MATERIALS-CEMENTITIOUS, CONCRETE AND MINERAL BOUND MATERIALS
710 _aBuilding Research Establishment
710 _aUnited Kingdom
_bDepartment of Trade and Industry
942 _n0
999 _c104407
_d104407